000
00338nam a2200133Ia 4500
008
240624s9999 xx 000 0 und d
041
_a
eng
082
_a
410 AKM
100
_a
AKMAJIAN
245
_a
LINGUISTICS AN INTRODUCTION TO LANGUAGE
250
_a
(5th ed.)
260
_c
2008
_a
New Delhi
_b
Prentice-Hall of India
365
_c
RS
_b
36
999
_c
10323
_d
10323